<?xml version="1.0" encoding="UTF-8"?>
<collection xmlns="http://www.loc.gov/MARC21/slim">
  <record>
    <leader>00000nam  2200000   4500</leader>
    <controlfield tag="001">INLIS000000000000363</controlfield>
    <controlfield tag="005">20190611093309</controlfield>
    <datafield tag="035" ind1="#" ind2="#">
      <subfield code="a">0010-0718000363</subfield>
    </datafield>
    <controlfield tag="008">190611################g##########0#ind##</controlfield>
    <datafield tag="020" ind1="#" ind2="#">
      <subfield code="a">9790100019</subfield>
    </datafield>
    <datafield tag="041" ind1=" " ind2=" ">
      <subfield code="a">id</subfield>
    </datafield>
    <datafield tag="082" ind1="#" ind2="#">
      <subfield code="a">658.001</subfield>
    </datafield>
    <datafield tag="090" ind1=" " ind2=" ">
      <subfield code="a">351.Mak.f</subfield>
    </datafield>
    <datafield tag="100" ind1=" " ind2="#">
      <subfield code="a">Makmur</subfield>
    </datafield>
    <datafield tag="245" ind1="1" ind2="#">
      <subfield code="a">Filsafat Administrasi /</subfield>
      <subfield code="c">Makmur</subfield>
    </datafield>
    <datafield tag="260" ind1="#" ind2="#">
      <subfield code="a">Jakarta :</subfield>
      <subfield code="b">PT Bumi Aksara,</subfield>
      <subfield code="c">2015</subfield>
    </datafield>
    <datafield tag="650" ind1=" " ind2="#">
      <subfield code="a">Filsafat</subfield>
    </datafield>
    <datafield tag="084" ind1="#" ind2="#">
      <subfield code="a">658.001 Mak f</subfield>
    </datafield>
    <datafield tag="250" ind1="#" ind2="#">
      <subfield code="a">Ed.1,Cet. 4</subfield>
    </datafield>
    <datafield tag="300" ind1="#" ind2="#">
      <subfield code="a">x, 134 hlm. :</subfield>
      <subfield code="b">ilus ;</subfield>
      <subfield code="c">21 cm</subfield>
    </datafield>
    <datafield tag="520" ind1="#" ind2="#">
      <subfield code="a">Administrsi, yang merupakan hasil pemikiran dan penalaran manusia serta dihasilkan untuk menciptakan keteraturan menuju terwujudnya tujuan bersama, adalah salah satu ilmu yang banyak diminati dan dipelajari oleh masyarakat umum. Melalui kacamata filsafat, diharapkan  masyarakat mengetahui esensi dasar dari ilmu administrasi tersebut. Di dalam buku ini, dibahas administrasi dari sudut pandang filsafat. Dimulai dari pembahsan hakikat ilmu administrasi sampai dengan pemaknaan administrasi secara epistemologi, ontologi, dan aksiologi, yang dijelaskan dengan bahasa sederhana dan mudah dimengerti, disertai persepsi organisasi, memberikan gambaran nyata kepada pembaca tentang implementasi administrasi di dunia nyata. Melalui penggunaan materi-materi di atas sebagai kekuatan, menjadikan buku ini berbeda dari buku-buku lain sejenis yang ada dipasaran. Lebih dari itu, buku ini diharakan akan bermanfaat lebih bagi para pembaca.</subfield>
    </datafield>
    <datafield tag="856" ind1="#" ind2="#">
      <subfield code="a">Perpustakaan Lembaga Administrasi Negara</subfield>
    </datafield>
    <datafield tag="990" ind1="#" ind2="#">
      <subfield code="a">18263</subfield>
    </datafield>
    <datafield tag="990" ind1="#" ind2="#">
      <subfield code="a">160518263</subfield>
    </datafield>
    <datafield tag="990" ind1="#" ind2="#">
      <subfield code="a">18263</subfield>
    </datafield>
    <datafield tag="990" ind1="#" ind2="#">
      <subfield code="a">160618393</subfield>
    </datafield>
    <datafield tag="990" ind1="#" ind2="#">
      <subfield code="a">160518263</subfield>
    </datafield>
  </record>
</collection>
